Working in the Middle Strengthening Education and Training for the Mid-Skilled Labor Force
Saved in:
| Main Author: | |
|---|---|
| Format: | Book |
| Language: | English |
| Published: |
San Francisco
Jossey-Bass Publ.
1996
|
| Edition: | 1. ed. |
| Series: | <The> Jossey-Bass Higher and Adult Education Series
|
| Subjects: | |
| Tags: |
No Tags, Be the first to tag this record!
|
MARC
| LEADER | 00000nam a2200000 4500 | ||
|---|---|---|---|
| 001 | c019728 | ||
| 005 | 20221205125803.7 | ||
| 020 | |a 0-7879-0258-6 | ||
| 041 | 0 | |a eng | |
| 044 | |a US | ||
| 245 | 1 | 0 | |a Working in the Middle |b Strengthening Education and Training for the Mid-Skilled Labor Force |c W. Norton Grubb |
| 250 | |a 1. ed. | ||
| 264 | 1 | |a San Francisco |b Jossey-Bass Publ. |c 1996 | |
| 300 | |a 304 s. | ||
| 490 | 1 | |a <The> Jossey-Bass Higher and Adult Education Series | |
| 830 | 0 | |a <The> Jossey-Bass Higher and Adult Education Series | |
| 610 | 2 | 0 | |a sily pracovné |
| 610 | 2 | 0 | |a vzdelanie |
| 610 | 2 | 0 | |a vzdelávanie ďalšie |
| 610 | 2 | 0 | |a vzdelanie odborné |
| 610 | 2 | 0 | |a školy stredné |
| 610 | 2 | 0 | |a doškoľovanie |
| 610 | 2 | 0 | |a výcvik |
| 610 | 2 | 0 | |a USA |
| 610 | 2 | 0 | |a trh práce |
| 100 | 1 | |a Grubb, W. Norton | |